|
|
|
|
| LEADER |
00000nkm a2200000 a 4500 |
| 001 |
vtls011534703 |
| 003 |
SK-MaSNL |
| 005 |
20260331210945.0 |
| 007 |
kf bo |
| 008 |
200701s2015 xo e 00 kueng |
| 015 |
|
|
|a SNBG2016
|
| 020 |
|
|
|a 9788097202644
|
| 040 |
|
|
|a SNK
|b slo
|c SNK
|e AACR2
|
| 041 |
0 |
|
|a eng
|
| 044 |
|
|
|a xo
|c SK
|
| 080 |
|
|
|a 7.041.3-055.1
|2 2011
|
| 080 |
|
|
|a (059)
|2 2011
|
| 100 |
1 |
|
|a Zvonár, Peter ERZVO,
|d 1967-
|4 pht
|9 550798
|
| 245 |
1 |
0 |
|a Dreams 2016
|h grafika
|c Peter ERZVO Zvonar
|
| 246 |
3 |
3 |
|a Peter ERZVO Zvonar's dreams 2016
|
| 260 |
|
|
|a [Ružomberok
|b Peter ERZVO Zvonár]
|c 2015
|
| 300 |
|
|
|a 1 kalendár ([14] l.)
|b čiernobiely
|c 28 x 21 cm, otvorený 56 x 21 cm
|
| 500 |
|
|
|a Vydav. údaje podľa čísla ISBN
|
| 500 |
|
|
|a Mesačný kalendár
|
| 650 |
0 |
7 |
|a mužské akty
|2 SNKPH
|9 99976
|
| 655 |
|
7 |
|a nástenné viaclistové kalendáre
|2 SNKPH
|9 302208
|
| 919 |
|
|
|a 978-80-972026-4-4
|
| 958 |
|
|
|a GBN
|
| 999 |
|
|
|c 844934
|d 846864
|
| 952 |
|
|
|a SNK
|b SNK
|y PREZ
|7 0
|p 17A1182796
|o snkOSC 27494
|i snk2016/7228
|8 0
|0 0
|1 0
|4 0
|d 2016-03-14
|l 0
|r 2026-02-24 04:23:43
|w 2026-02-24
|
| 952 |
|
|
|a SNK
|b SNK
|y VYP
|7 0
|p 17A1182797
|o snkOSC 27494 D1
|i snk2016/7230
|8 0
|0 0
|1 0
|4 0
|d 2016-03-14
|l 0
|r 2026-02-24 04:23:43
|w 2026-02-24
|